000 00858nas a2200265 4500
001 BR2013003866
003 BR-BrBNA
005 20231205122344.0
007 ta
008 230509b bl.|||p| |||| 00| 00por d
040 _aBR-BrBNA
_bpor
_cBiblioteca Nacional de Agricultura
041 _a(Pt)
072 _aP33
100 1 _aBarbosa, M.C.R.
100 1 _aLima, H.M. de
245 1 _aResistência ao cisalhamento de solos e taludes vegetados com capim vetiver
650 _aCOBERTURA VEGETAL
650 _aANÁLISE DO SOLO
650 _aPROPRIEDADE MECÂNICA
650 _aCAPIM
773 0 _tRevista Brasileira de Ciência do Solo (Brazil)
_xISSN 0100-0683
_g(Jan-Feb 2013), v. 37(1) p. 113-120
_wBR2013003866
856 4 0 _uhttp://www.scielo.br/pdf/rbcs/v37n1/v37n1a12.pdf
909 _a202311
_bLúcia
_c55
_dLúcia Elande
942 _2AGRIS
_n0
_cANA
999 _c228222
_d228222